Online Catalogue and eLibrary

Valvu oru valaipanthaddam (Record no. 6001)

MARC details
000 -LEADER
fixed length control field 00408nam a22001457a 4500
005 - DATE AND TIME OF LATEST TRANSACTION
control field 20250322143504.0
008 - FIXED-LENGTH DATA ELEMENTS--GENERAL INFORMATION
fixed length control field 250322b |||||||| |||| 00| 0 eng d
082 ## - DDC Classification
DDC Edition Number 22
Class No. 894
Item Number - Author Mark VAL
100 ## - MAIN ENTRY--PERSONAL NAME
Personal name Mahenthiran, K
245 ## - TITLE STATEMENT
Title Valvu oru valaipanthaddam
260 ## - PUBLICATION, DISTRIBUTION, ETC.
Place of publication, distribution, etc. Tellipapalai
Name of publisher, distributor, etc. Lyceum of literary & aesthetic studies
Date of publication, distribution, etc. 1997
300 ## - PHYSICAL DESCRIPTION
Extent (e.g. Volumes, Pages etc.) viii, 136 ( C2)
500 ## - GENERAL NOTE
General note A collection of Short stories
942 ## - Koha item type (Biblio)
Koha item type Books in Stacks (Lending)
Holdings
Lost status Damaged status Collection code Home library Current library Date acquired Full call number Accession Number Item type
    Lending WERC Library WERC Library 03/23/2025 894 VAL 2621 Books in Stacks (Lending)

© WERC Library